|
|
|
|
| LEADER |
02629nam a2200565 4500 |
| 001 |
ocn809241652 |
| 003 |
OCoLC |
| 005 |
20170124071617.9 |
| 006 |
m o d |
| 007 |
cr cn||||||||| |
| 008 |
120906s2012 enk ob 001 0 eng d |
| 040 |
|
|
|a DG1
|b eng
|e pn
|c DG1
|d OCLCQ
|d YDXCP
|d N$T
|d COO
|d E7B
|d IDEBK
|d OCLCA
|d OCLCF
|d OCLCA
|d UKDOC
|d OCLCQ
|d DEBBG
|d OCLCQ
|d GrThAP
|
| 019 |
|
|
|a 826659543
|
| 020 |
|
|
|a 9781118376270
|q (electronic bk.)
|
| 020 |
|
|
|a 1118376277
|q (electronic bk.)
|
| 020 |
|
|
|a 9781118376287
|q (electronic bk.)
|
| 020 |
|
|
|a 1118376285
|q (electronic bk.)
|
| 020 |
|
|
|a 9781283993739
|q (MyiLibrary)
|
| 020 |
|
|
|a 1283993732
|q (MyiLibrary)
|
| 020 |
|
|
|z 9780470972090
|
| 020 |
|
|
|z 0470972092
|
| 029 |
1 |
|
|a AU@
|b 000050060925
|
| 029 |
1 |
|
|a DEBBG
|b BV041906723
|
| 029 |
1 |
|
|a DEBBG
|b BV043395026
|
| 029 |
1 |
|
|a NZ1
|b 14832581
|
| 029 |
1 |
|
|a NZ1
|b 15341052
|
| 035 |
|
|
|a (OCoLC)809241652
|z (OCoLC)826659543
|
| 037 |
|
|
|a 10.1002/9781118376270
|b Wiley InterScience
|n http://www3.interscience.wiley.com
|
| 050 |
|
4 |
|a TK5103.4815
|b .Q58 2012
|
| 072 |
|
7 |
|a TEC
|x 041000
|2 bisacsh
|
| 082 |
0 |
4 |
|a 621.382/1
|2 23
|
| 049 |
|
|
|a MAIN
|
| 245 |
0 |
0 |
|a Cognitive radio communications and networking :
|b principles and practice /
|c Robert C. Qiu [and others].
|
| 264 |
|
1 |
|a Chichester, West Sussex :
|b John Wiley & Sons,
|c [2012]
|
| 264 |
|
4 |
|c ©2012
|
| 300 |
|
|
|a 1 online resource
|
| 336 |
|
|
|a text
|b txt
|2 rdacontent
|
| 337 |
|
|
|a computer
|b c
|2 rdamedia
|
| 338 |
|
|
|a online resource
|b cr
|2 rdacarrier
|
| 505 |
0 |
|
|a Spectrum Sensing: Basic Techniques -- Classical Detection -- Hypothesis Detection of Noncommutative Random Matrices -- Large Random Matrices -- Convex Optimization -- Machine Learning -- Agile Transmission Techniques (I): Multiple Input Multiple Output -- Agile Transmission Techniques (II): Orthogonal Frequency Division Multiplexing -- Game Theory -- Cognitive Radio Network -- Cognitive Radio Network as Sensors -- Appendix A: Matrix Analysis.
|
| 504 |
|
|
|a Includes bibliographical references and index.
|
| 650 |
|
0 |
|a Cognitive radio networks.
|
| 650 |
|
7 |
|a TECHNOLOGY & ENGINEERING
|x Telecommunications.
|2 bisacsh
|
| 650 |
|
7 |
|a Cognitive radio networks.
|2 fast
|0 (OCoLC)fst01745359
|
| 655 |
|
4 |
|a Electronic books.
|
| 700 |
1 |
|
|a Qiu, Robert C.,
|d 1966-
|
| 710 |
2 |
|
|a Wiley InterScience (Online service)
|
| 776 |
0 |
8 |
|i Print version:
|a Qiu, Robert Caiming, 1966-
|t Cognitive radio communication and networking.
|d Chichester, West Sussex : Wiley, 2012
|z 9780470972090
|w (DLC) 2012009304
|w (OCoLC)789146886
|
| 856 |
4 |
0 |
|u https://doi.org/10.1002/9781118376270
|z Full Text via HEAL-Link
|
| 994 |
|
|
|a 92
|b DG1
|